[Event "Rheinhessen-ch HT1"]
[Site "Mainz"]
[Date "2009.04.04"]
[Round "1"]
[White "Behm, Willi"]
[Black "Resa, Hans Farid"]
[Result "1-0"]
[WhiteElo "1869"]
[BlackElo "1609"]
[PlyCount "41"]
[EventDate "2009.04.04"]
[EventType "swiss"]
[EventRounds "7"]
[EventCountry "GER"]
[SourceTitle "EXT 2011"]
[Source "ChessBase"]
[SourceDate "2010.11.26"]
[SourceVersion "1"]
[SourceVersionDate "2010.11.26"]
[SourceQuality "1"]

1. e4 d5 2. exd5 Nf6 3. c4 e6 4. dxe6 Bxe6 5. d4 Bb4+ 6. Nc3 Qe7 7. Be3 0-0 8. Bd3 Nbd7 9. h3 c6 10. Nge2 Nb6 11. b3 Rfe8 12. 0-0 Rad8 13. Qc2 h6 14. Nf4 Bc8 15. Rfe1 Qd7 16. a3 Bxc3 17. Qxc3 g5 18. Ne2 g4 19. h4 h5 20. Bg5 Qe7 21. Nf4 1-0

[Event "Ueckermuende op 6th"]
[Site "Ueckermuende"]
[Date "2007.09.02"]
[Round "4"]
[White "Behm, Willi"]
[Black "Kunow, Frank"]
[Result "1/2-1/2"]
[WhiteElo "1731"]
[BlackElo "2055"]
[PlyCount "163"]
[EventDate "2007.08.31"]
[EventType "swiss"]
[EventRounds "5"]
[EventCountry "GER"]
[SourceTitle "CBM 120 Extra"]
[Source "ChessBase"]
[SourceDate "2007.11.01"]
[SourceVersion "1"]
[SourceVersionDate "2007.11.01"]
[SourceQuality "1"]

1. e4 d5 2. exd5 Nf6 3. Nc3 Nxd5 4. Nxd5 Qxd5 5. Qf3 Qe6+ 6. Be2 Nc6 7. c3 Ne5 8. Qe4 Ng4 9. Qxe6 Bxe6 10. d4 0-0-0 11. Nf3 h6 12. 0-0 Bd7 13. h3 Nf6 14. Bc4 e6 15. Ne5 Be8 16. Re1 Bd6 17. Bf4 Kb8 18. Nd3 Bxf4 19. Nxf4 Bc6 20. Nd3 Rhf8 21. Ne5 Bd5 22. Bb5 a6 23. Ba4 b5 24. Bb3 Kb7 25. Bc2 Nd7 26. Nxd7 Rxd7 27. a4 Rd6 28. axb5 axb5 29. Ra5 Rb6 30. Bd3 c6 31. Rea1 Kc7 32. b4 Rb7 33. f4 g5 34. f5 f6 35. Re1 Kd6 36. fxe6 Bxe6 37. Be4 Bd5 38. Bf5 Re7 39. Rxe7 Kxe7 40. Ra7+ Kd8 41. Rd7+ Ke8 42. Rh7 Bf7 43. Rxh6 Ke7 44. Be4 Bd5 45. Bxd5 cxd5 46. Rh7+ Ke6 47. Rc7 Ra8 48. Rc5 Rb8 49. Kf2 Rb6 50. Kf3 f5 51. g3 Rb8 52. Rc6+ Kf7 53. h4 gxh4 54. gxh4 Rh8 55. Kf4 Rxh4+ 56. Kxf5 Rh5+ 57. Kf4 Ke7 58. Rc5 Rh3 59. Rxb5 Rxc3 60. Ke5 Rh3 61. Rb7+ Kd8 62. Kxd5 Kc8 63. Re7 Rb3 64. Kc4 Rb1 65. Re3 Kc7 66. Rb3 Rc1+ 67. Rc3 Rd1 68. Kc5 Rh1 69. b5 Rb1 70. d5 Rb2 71. Rc4 Rb1 72. d6+ Kd7 73. Rd4 Rc1+ 74. Kb6 Rb1 75. Rd5 Rb2 76. Kb7 Rb3 77. b6 Rb2 78. Ka6 Ra2+ 79. Ra5 Rb2 80. Ka7 Kc6 81. d7 Kxd7 82. b7 1/2-1/2

[Event "Ueckermuende op 6th"]
[Site "Ueckermuende"]
[Date "2007.09.01"]
[Round "3"]
[White "Zibell, Walter"]
[Black "Behm, Willi"]
[Result "0-1"]
[WhiteElo "1779"]
[BlackElo "1731"]
[PlyCount "52"]
[EventDate "2007.08.31"]
[EventType "swiss"]
[EventRounds "5"]
[EventCountry "GER"]
[SourceTitle "CBM 120 Extra"]
[Source "ChessBase"]
[SourceDate "2007.11.01"]
[SourceVersion "1"]
[SourceVersionDate "2007.11.01"]
[SourceQuality "1"]

1. d4 d5 2. c4 e6 3. Nf3 Nf6 4. Bg5 Nbd7 5. e3 Be7 6. Nc3 c6 7. Bd3 0-0 8. e4 Nxe4 9. Bxe7 Nxc3 10. Bxd8 Nxd1 11. Be7 Nxb2 12. Bxf8 Nxd3+ 13. Kd2 Nxf2 14. Bb4 Nxh1 15. Rxh1 a5 16. Bd6 dxc4 17. g4 Nf6 18. Be7 Nxg4 19. Rg1 e5 20. dxe5 Be6 21. h3 Nh6 22. h4 Nf5 23. Bf6 Kh8 24. Bg5 h6 25. Bf4 Rd8+ 26. Ke2 Nd4+ 0-1

[Event "Mecklenburg VP LL1 0506"]
[Site "Mecklenburg VP"]
[Date "2005.12.11"]
[Round "4.5"]
[White "Behm, Willi"]
[Black "Pelnar, Helmut"]
[Result "0-1"]
[WhiteElo "1728"]
[BlackElo "1821"]
[PlyCount "66"]
[EventDate "2005.10.23"]
[EventType "team-tourn"]
[EventRounds "9"]
[EventCountry "GER"]
[SourceTitle "EXT 2008"]
[Source "ChessBase"]
[SourceDate "2007.11.25"]
[SourceVersion "1"]
[SourceVersionDate "2007.11.25"]
[SourceQuality "1"]
[WhiteTeam "Torgelow"]
[BlackTeam "Waren"]
[WhiteTeamCountry "GER"]
[BlackTeamCountry "GER"]

1. e4 e5 2. Nf3 Nc6 3. d4 exd4 4. Bc4 h6 5. 0-0 Bc5 6. c3 dxc3 7. Bxf7+ Kxf7 8. Qd5+ Kf8 9. Qxc5+ d6 10. Qxc3 Qf6 11. Qc2 Nge7 12. Bd2 Be6 13. Bc3 Qg6 14. Re1 Kf7 15. Re3 Nd5 16. Re2 Nf4 17. g3 Nxe2+ 18. Qxe2 Qg4 19. Nbd2 Rhf8 20. e5 d5 21. Qb5 Rab8 22. Qd3 Kg8 23. Nd4 Nxd4 24. Bxd4 b6 25. b4 Rbc8 26. Rc1 c6 27. f4 Rxf4 28. Be3 Rxb4 29. Rf1 Ra4 30. Nf3 Bf5 31. Qd2 Qg6 32. Nd4 Bh3 33. Rf2 Qb1+ 0-1

[Event "Mecklenburg VP-ch U18"]
[Site "Greifswald"]
[Date "2004.02.09"]
[Round "5"]
[White "Behm, Willi"]
[Black "Rittemann, Steffen"]
[Result "0-1"]
[WhiteElo "1630"]
[BlackElo "1613"]
[PlyCount "52"]
[EventDate "2004.04.??"]
[EventType "swiss"]
[EventRounds "7"]
[EventCountry "GER"]
[SourceTitle "EXT 2005"]
[Source "ChessBase"]
[SourceDate "2004.11.15"]
[SourceVersion "1"]
[SourceVersionDate "2004.11.15"]
[SourceQuality "1"]

1. e4 e5 2. Nf3 Nc6 3. d4 exd4 4. Nxd4 Qh4 5. Nxc6 Qxe4+ 6. Be2 dxc6 7. 0-0 Bd7 8. Re1 0-0-0 9. Bf3 Qh4 10. Be3 Kb8 11. Nd2 f5 12. g3 Qf6 13. c3 Bd6 14. Qa4 a6 15. Qb3 h5 16. Bd4 Qg5 17. Nc4 h4 18. Be5 hxg3 19. Nxd6 gxf2+ 20. Kxf2 cxd6 21. Bxd6+ Ka8 22. Qc4 Qd2+ 23. Re2 Qxd6 24. Kg1 Nf6 25. Rae1 Rde8 26. Rxe8+ Rxe8 0-1

[Event "Mecklenburg VP-ch U18"]
[Site "Greifswald"]
[Date "2004.02.08"]
[Round "3"]
[White "Behm, Willi"]
[Black "Bruegmann, Norman"]
[Result "1-0"]
[WhiteElo "1630"]
[BlackElo "1365"]
[PlyCount "69"]
[EventDate "2004.04.??"]
[EventType "swiss"]
[EventRounds "7"]
[EventCountry "GER"]
[SourceTitle "EXT 2005"]
[Source "ChessBase"]
[SourceDate "2004.11.15"]
[SourceVersion "1"]
[SourceVersionDate "2004.11.15"]
[SourceQuality "1"]

1. e4 d5 2. exd5 Nf6 3. d4 Nxd5 4. Nf3 Bf5 5. a3 e6 6. Be2 Nd7 7. 0-0 Be7 8. c4 N5f6 9. Nc3 0-0 10. d5 exd5 11. Nxd5 c6 12. Nxe7+ Qxe7 13. Re1 Qd8 14. Nh4 Be6 15. Qc2 Ng4 16. Nf5 Bxf5 17. Qxf5 Ngf6 18. Bg5 Qc7 19. Bd3 Rfe8 20. b4 Re5 21. Bf4 Rxf5 22. Bxc7 Rh5 23. Re7 Nf8 24. Bg3 b6 25. Rd1 a5 26. Be2 Rf5 27. Bf3 axb4 28. axb4 Ra4 29. Bxc6 Rxb4 30. Bb5 Rb2 31. f3 Rg5 32. Be8 Ne6 33. Bxf7+ Kf8 34. Ra7 Ra5 35. Bd6# 1-0

[Event "Tierpark op 3rd"]
[Site "Ueckermuende"]
[Date "1999.??.??"]
[Round "4"]
[White "Behm, Willi"]
[Black "Oldach, Ehrenfried"]
[Result "0-1"]
[WhiteElo "1124"]
[BlackElo "1914"]
[PlyCount "78"]
[EventDate "1999.09.??"]
[EventType "swiss"]
[EventRounds "7"]
[EventCountry "GER"]
[SourceTitle "EXT 2023"]
[Source "ChessBase"]
[SourceDate "2022.10.05"]
[SourceVersion "1"]
[SourceVersionDate "2022.10.05"]
[SourceQuality "1"]

1. e4 e6 2. d4 d5 3. exd5 exd5 4. Bd3 Nf6 5. Bg5 Be7 6. Nf3 0-0 7. 0-0 Bg4 8. Nbd2 Nbd7 9. c3 h6 10. Bh4 Re8 11. Re1 a6 12. Qc2 Nf8 13. Ne5 Bh5 14. h3 N6d7 15. Nxd7 Qxd7 16. Bxe7 Rxe7 17. Bf5 Qd6 18. Rxe7 Qxe7 19. Nb3 b6 20. Qd2 Re8 21. Bd3 a5 22. Bb5 Rd8 23. Re1 Qd6 24. Re5 Bg6 25. Qe3 c6 26. Be2 Be4 27. Nd2 Bg6 28. Nf3 Rd7 29. Nh4 f6 30. Nxg6 fxe5 31. Nxe5 Re7 32. Qg3 Nd7 33. f4 Nf6 34. Bd3 c5 35. Qg6 cxd4 36. cxd4 Qb4 37. g4 Qxd4+ 38. Kg2 Qxf4 39. Nc6 Qd2+ 0-1

[Event "Tierpark op 3rd"]
[Site "Ueckermuende"]
[Date "1999.??.??"]
[Round "2"]
[White "Bigalke, Steffen"]
[Black "Behm, Willi"]
[Result "1-0"]
[WhiteElo "1692"]
[BlackElo "1124"]
[PlyCount "45"]
[EventDate "1999.09.??"]
[EventType "swiss"]
[EventRounds "7"]
[EventCountry "GER"]
[SourceTitle "EXT 2023"]
[Source "ChessBase"]
[SourceDate "2022.10.05"]
[SourceVersion "1"]
[SourceVersionDate "2022.10.05"]
[SourceQuality "1"]

1. a3 d5 2. e3 c5 3. b4 e6 4. Bb2 Nf6 5. b5 b6 6. c4 Bb7 7. Nf3 Nbd7 8. a4 Be7 9. Ne5 0-0 10. a5 Qc7 11. Nf3 Rfb8 12. a6 Bc8 13. Qc2 Bd6 14. Be2 Ng4 15. Ng5 Ngf6 16. Bh5 g6 17. Be2 Bxh2 18. f4 Ng4 19. Bxg4 Bg3+ 20. Kd1 Bxf4 21. Rxh7 Be5 22. Rxf7 Nf8 23. Rxc7 1-0